Monarchy or... Republic - Statistics

General Stats
  • This quiz has been taken 158 times
  • The average score is 14 of 15
Answer Stats
Question Answer % Correct
Cambodia Monarchy
100%
Japan Monarchy
100%
Andorra Monarchy
100%
Lesotho Monarchy
100%
San Marino Republic
100%
Germany Republic
100%
Suriname Republic
100%
Portugal Republic
100%
South Korea Republic
100%
Nepal Republic
100%
Argentina Republic
100%
Tonga Monarchy
89%
New Zealand Monarchy
78%
Belize Monarchy
67%
Yemen Republic
67%
No matching quizzes found
Score Distribution
Percent of People with Each Score
Percentile by Number Answered
Your Score History
You have not taken this quiz